000 00842nam a2200253 a 4500
001 350
003 BR-CuiBMT
005 20231101190905.0
008 231101s2018 mgba 000 0 eng d
020 _a9788545004820
040 _aBR-CuiBMT
_cBR-CuiBMT
080 _22007
_a351.712
090 _a351.712
_bC193o
_c4. ed.
100 1 _aCampelo, Valmir,
_d1944-
245 1 _aObras públicas :
_bcomentários à jurisprudência do TCU /
_cValmir Campelo, Rafael Jardim Cavalcante ; Marçal Justen Filho prefácio
250 _a4. ed., rev., ampl. e atual.
260 _aBelo Horizonte :
_bFórum,
_c2018.
300 _a888 p. :
_bil. ;
_c21 cm
504 _aInclui bibliografia.
650 _aObras públicas
_xAuditoria
_zBrasil
650 _aContrato administrativo
_zBrasil
650 _aLicitações e contratos
_zBrasil
942 _2udc
_cLV
999 _c350
_d350